NSTP (series) : (Record no. 6063)
[ view plain ]
| 000 -LEADER | |
|---|---|
| fixed length control field | 00772nam a22002417i 4500 |
| 003 - CONTROL NUMBER IDENTIFIER | |
| control field | URS |
| 005 - DATE AND TIME OF LATEST TRANSACTION | |
| control field | 20220117090641.0 |
| 008 - FIXED-LENGTH DATA ELEMENTS--GENERAL INFORMATION | |
| fixed length control field | 180212b xxu||||| |||| 00| 0 eng d |
| 050 10 - LIBRARY OF CONGRESS CALL NUMBER | |
| Classification number | LC 220.5 |
| Item number | N8795 2007 |
| 245 00 - TITLE STATEMENT | |
| Title | NSTP (series) : |
| Remainder of title | in the service of the nation / |
| Statement of responsibility, etc. | Herculano V. Sabas ... [and others] |
| 264 #1 - PRODUCTION, PUBLICATION, DISTRIBUTION, MANUFACTURE, AND COPYRIGHT NOTICE | |
| Place of production, publication, distribution, manufacture | Valenzuela City : |
| Name of producer, publisher, distributor, manufacturer | Mutya Publishing House, Incorporated, |
| Date of production, publication, distribution, manufacture, or copyright notice | © 2007 |
| 300 ## - PHYSICAL DESCRIPTION | |
| Extent | 215 pages : |
| Other physical details | illustrations ; |
| Dimensions | 23 cm |
| 336 ## - CONTENT TYPE | |
| Source | rdacontent |
| Content type term | text |
| 336 ## - CONTENT TYPE | |
| Source | rdacontent |
| Content type term | still image |
| 337 ## - MEDIA TYPE | |
| Source | rdamedia |
| Media type term | unmediated |
| 338 ## - CARRIER TYPE | |
| Source | rdacarrier |
| Carrier type term | volume |
| 500 ## - GENERAL NOTE | |
| General note | Includes appendices. |
| 700 1# - ADDED ENTRY--PERSONAL NAME | |
| Personal name | Sabas, Herculano V. |
| 700 1# - ADDED ENTRY--PERSONAL NAME | |
| Personal name | Mendoza, Mariquita N. |
| 700 1# - ADDED ENTRY--PERSONAL NAME | |
| Personal name | Avillanoza, Adela T. |
| 700 1# - ADDED ENTRY--PERSONAL NAME | |
| Personal name | Cabrera, Noel B. |
| 942 ## - ADDED ENTRY ELEMENTS (KOHA) | |
| Source of classification or shelving scheme | Library of Congress Classification |
| Koha item type | Filipiniana |
| Withdrawn status | Source of classification or shelving scheme | Damaged status | Not for loan | Collection code | Home library | Current library | Shelving location | Date acquired | Total Checkouts | Full call number | Barcode | Date last seen | Price effective from | Koha item type |
|---|---|---|---|---|---|---|---|---|---|---|---|---|---|---|
| Library of Congress Classification | Non-fiction | Cardona College LIbrary | Cardona College LIbrary | General Stacks | 02/12/2018 | LC 220.5 N8795 2007 | URSCAR-1856 | 02/12/2018 | 02/12/2018 | Filipiniana |